Muonic atoms and molecules (Record no. 71298)

MARC details
000 -LEADER
fixed length control field 00783nam a2200301Ia 4500
003 - CONTROL NUMBER IDENTIFIER
control field OSt
005 - DATE AND TIME OF LATEST TRANSACTION
control field 20220912151546.0
008 - FIXED-LENGTH DATA ELEMENTS--GENERAL INFORMATION
fixed length control field 220909b |||||||| |||| 00| 0 eng d
020 ## - INTERNATIONAL STANDARD BOOK NUMBER
International Standard Book Number 0817628517 (Boston)
020 ## - INTERNATIONAL STANDARD BOOK NUMBER
International Standard Book Number 3764328517 (Basel)
037 ## - SOURCE OF ACQUISITION
Terms of availability Textual
040 ## - CATALOGING SOURCE
Original cataloging agency CSL
Language of cataloging eng
Transcribing agency CSL
041 ## - LANGUAGE CODE
Language code of text/sound track or separate title eng
100 ## - MAIN ENTRY--PERSONAL NAME
Personal name Schaller L A Ed
245 #0 - TITLE STATEMENT
Title Muonic atoms and molecules
260 ## - PUBLICATION, DISTRIBUTION, ETC.
Place of publication, distribution, etc. Basel
Name of publisher, distributor, etc. Birkhauser Verlag
Date of publication, distribution, etc. 1993
300 ## - PHYSICAL DESCRIPTION
Extent 370p
650 ## - SUBJECT ADDED ENTRY--TOPICAL TERM
Topical term or geographic name entry element Muon
650 ## - SUBJECT ADDED ENTRY--TOPICAL TERM
Topical term or geographic name entry element Particle Physics
700 ## - ADDED ENTRY--PERSONAL NAME
Personal name Petitjean C Ed
942 ## - ADDED ENTRY ELEMENTS (KOHA)
Classification part C9B36, N3
Koha item type Textual
Source of classification or shelving scheme Colon Classification (CC)
Holdings
Withdrawn status Lost status Damaged status Not for loan Home library Current library Date acquired Source of acquisition Total Checkouts Full call number Barcode Date last seen Price effective from Koha item type
        Central Science Library Central Science Library 2022-09-12 Hindustan,   C9B36 N3 SL1027052 2022-09-12 2022-09-12 Textual
Copyright @ Delhi University Library System